1516 1227 1608 1671 1084 1897 1525 1613 1468 1791 1236 1172 1067 1613 1734 1673 1148 1675 1398 1894 1821 1449 1583 1214 1391 1233 1683 1690 1592 1616 1901 1575 1188 1806 1596 1068 1490 1762 1580 1124 1981 1598 1763 1413 1591 1680 1317 1542 1505 1092 1046 1516 1679 1610 1254 1229 1090 1899 1115 1207 1340 1199 1141 1162 1088 1747 1416 1672 1542 1352 1014 1031 1408 1958 1240 1230 1051 1237 1171 1841 1655 1394 1850 1165 1346 1187 1098 1465 1148 1031 1588 1969 1692 1834 1606 1122 1260 1332 1582 BCNSPRNW ULIB Ver.6.0+V

เปลี่ยนเป็นภาษาไทย

Change to English
 แสดงรายละเอียดบรรณานุกรม
  กลับหน้าหลัก

Brief Record : Get Marc (ISO 2709) : E-mail record : QR code < ปิดหน้าต่าง
LEADER : 00000nam 2200000uu 4500
001    13399122416
003     ULIB
008    020711s2539 th a 000 0 tha d
020    9746016962
099    นว.^bค431ว
100    ณัฐ ศาสตร์ส่องวิทย์
110    เพื่อนหนังสือ
245    วงกตมรณะ/^cณัฐ ศาสตร์ส่องวิทย์
250    พิมพ์ครั้งที่ 2
260    กรุงเทพฯ :^bเพื่อนหนังสือ,^c2539
300    275 หน้า
945    ^p90^l0^i013041
รายการนี้ยังไม่มีแท็ก
คุณยังไม่ได้ล็อกอิน คุณสามารถมีกิจกรรมร่วมกับเว็บไซต์ได้ แต่ต้องล็อกอินก่อน ::
  ล็อกอิน

รายการสื่อสารสนเทศ

ลำดับที่ ประเภท เลขเรียก/บาร์โค้ด สถานที่ สถานะ
1. นวนิยาย
นวนิยาย
นว. ค431ว ฉ.1 
  Barcode: 013041
ห้องสมุดวิทยาเขตสวรรค์ประชารักษ์
►นวนิยาย
บนชั้น
  ขอยืม

BibComment


ยังไม่เคยถูกคอมเมนท์

คอมเมนท์ทรัพยากรรายการนี้
  คอมเมนท์: วงกตมรณะ ณัฐ ศาสต..


 Copyright 2026. Bcnsprnw @Library